| 000 | 00508nam a2200169 i 4500 | ||
|---|---|---|---|
| 001 | 44495 | ||
| 003 | ES-MaACL | ||
| 005 | 20230906161037.0 | ||
| 007 | t| | ||
| 008 | 030321s1972 sp ||||1| spa d | ||
| 100 | 1 |
_aClemente, Josep Carles. _939196 |
|
| 245 | 1 | 0 |
_aConversaciones sobre el presente y el futuro político de España / _cJosep Carles Clemente. |
| 250 | _a[1ª ed.]. | ||
| 260 |
_aBarcelona : _bJuventud, _c[1972] |
||
| 300 |
_a264 p. : _bil. ; _c21 cm. |
||
| 852 |
_aES-MaACL _jC-43158 _bR.81766 |
||
| 999 |
_c44495 _d44495 |
||